| 000 | 00639nam a2200229Ia 4500 | ||
|---|---|---|---|
| 003 | OSt | ||
| 005 | 20221007080520.0 | ||
| 006 | a|||||r|||| 00| 0 | ||
| 007 | ta | ||
| 008 | 221006b |||||||| |||| 00| 0 eng d | ||
| 024 | _a28,688 | ||
| 037 | _cTextual | ||
| 040 |
_aFLL _cFLL _beng |
||
| 041 |
_2eng _aeng |
||
| 082 | _aZ(Q7),922, M6 | ||
| 100 |
_aAhangar Altaf Hussain _9117683 |
||
| 245 | 0 | _aCustomary succession among muslims | |
| 260 |
_aNew Delhi _bUppal Publishing House India _c1986 |
||
| 300 |
_axviii,255p _ccm. |
||
| 942 |
_hZ(Q7),922, M6 _cTEXL _2CC |
||
| 999 |
_c1159937 _d1159937 |
||